Associez ces stades français à leurs clubs - Clic Quiz - Statistiques

Statistiques générales
  • Ce quiz a été pris 474 fois
  • Le résultat moyen est 14 sur 20
Statistiques - réponses
Hint Réponse % Correct
Stade Vélodrome OM
96%
Parc des Princes PSG
95%
Stade Louis II Monaco
90%
Allianz Riviera Nice
88%
Stade de la Beaujoire Nantes
87%
Stade Geoffroy Guichard Saint-Étienne
86%
Stade Bollaert-Delelis Lens
85%
Rohazon Park Rennes
83%
Stade du Roudourou Guingamp
75%
Stade de la Meineau Strasbourg
72%
Stade Saint-Symphorien Metz
67%
Stade Francis le Blé Brest
64%
Stade du Moustoir Lorient
64%
Stade de l'Aube Troyes
64%
Stade Océane Le Havre
62%
Nouste camp Pau
56%
Stade Michel d'Ornano Caen
55%
Stade Marcel-Picot Nancy
51%
Stade Gaston Gerard Dijon
49%
Stade Francis le Basser Laval
39%
Aucun quiz correspondant
Distribution des résultats
% des personnes avec chaque résultat
Percentile par nombre de réponses
Votre historique - résultats
Vous n’avez pas pris ce quiz